UM Logo

Modern advanced accounting/ (Record no. 3753)

MARC details
000 -LEADER
fixed length control field 00514nam a22001697a 4500
008 - FIXED-LENGTH DATA ELEMENTS--GENERAL INFORMATION
fixed length control field 160808b xxu||||| |||| 00| 0 eng d
020 ## - INTERNATIONAL STANDARD BOOK NUMBER
International Standard Book Number 007124459X
082 ## - DEWEY DECIMAL CLASSIFICATION NUMBER
Edition number 2006
Classification number DC 657.046
Item number L32m
100 ## - MAIN ENTRY--PERSONAL NAME
9 (RLIN) 12494
Personal name Larsen, E. John
245 ## - TITLE STATEMENT
Title Modern advanced accounting/
Statement of responsibility, etc. E. John Larsen.
250 ## - EDITION STATEMENT
Edition statement 10th edition
260 ## - PUBLICATION, DISTRIBUTION, ETC. (IMPRINT)
Place of publication, distribution, etc. Boston:
Name of publisher, distributor, etc. McGraw-Hill,
Date of publication, distribution, etc. c2006.
300 ## - PHYSICAL DESCRIPTION
Extent xvii, 830 pages:
Other physical details illustrations;
Dimensions 26 cm.
500 ## - GENERAL NOTE
General note Includes glossary and index.<br/>
650 #0 - SUBJECT ADDED ENTRY--TOPICAL TERM
9 (RLIN) 12495
Topical term or geographic name as entry element Accounting
942 ## - ADDED ENTRY ELEMENTS (KOHA)
Source of classification or shelving scheme Dewey Decimal Classification
Koha item type Circulation
Holdings
Withdrawn status Lost status Source of classification or shelving scheme Damaged status Not for loan Collection code Home library Current library Date acquired Source of acquisition Total Checkouts Full call number Barcode Date last seen Copy number Price effective from Koha item type
    Dewey Decimal Classification     Circulation UM Digos College - LIC UM Digos College - LIC   Photocopied   DC 657.046 L32m 2006 21603 06/08/2021 2 08/08/2016 Circulation
    Dewey Decimal Classification     Circulation UM Digos College - LIC UM Digos College - LIC 09/29/2007 Purchased   DC 657.046 L32m 2006 19297 05/15/2025 1 08/09/2016 Circulation